000 00365 a2200133 4500
005 20250621092440.0
020 _a0-03-066336-9
082 _a330 PEN
100 _aPENNINGTON, R. L.
245 _aEconomics.
260 _aNew York,
_bHolt, Rinehart and Winston,
_c2003.
300 _axxiii, 453p.: ill.; figure, picture, table
_bGlossary & Index
_c28cm
942 _2ddc
_cBKS
999 _c466
_d466